000 00368nam a2200145 i 4500
001 bg
100 1 _aENGELS, Fryderyk
245 0 _aLudwik Feuerbuch i zmierzch klasycznej filozofii niemieckiej /
_cFryderyk Engels.
260 _aWarszawa,
_c1969.
040 _cBPK
041 _apol
080 _a141.82
942 _cKS
008 s pl f |000 0 pol
999 _c10491
_d10491
856 _uhttp://koha.tu.koszalin.pl/cgi-bin/koha/opac-detail.pl?biblionumber=10491
_yKatalog online BPK